| Tag |
First Indicator |
Second Indicator |
Subfields |
| LEADER |
00000cam a2200000 i 4500 |
| 001 |
in00005714913 |
| 005 |
20260319163930.7 |
| 006 |
m o d |
| 007 |
cr cnu---unuuu |
| 008 |
170605t20172017enka ob 001 0 eng d |
| 040 |
|
|
|a N$T
|b eng
|e rda
|e pn
|c N$T
|d EBLCP
|d STBDS
|d YDX
|d CUS
|d OTZ
|d NJR
|d CEF
|d KSU
|d BRX
|d OCLCQ
|d WYU
|d OCLCQ
|d UKAHL
|d OCLCQ
|d OCLCO
|d OCLCQ
|d SFB
|d OCLCQ
|d OCLCO
|d OCLCL
|d CLOUD
|d OCLCO
|d UKKRT
|d OCLCQ
|d OCLCL
|
| 019 |
|
|
|a 987867638
|a 990316077
|a 1066594820
|
| 020 |
|
|
|a 9780191638213
|q (electronic bk.)
|
| 020 |
|
|
|a 0191638218
|q (electronic bk.)
|
| 020 |
|
|
|a 9780191748370
|
| 020 |
|
|
|a 0191748374
|
| 020 |
|
|
|z 019966210X
|
| 020 |
|
|
|z 9780199662104
|
| 035 |
|
|
|a (OCoLC)988941554
|z (OCoLC)987867638
|z (OCoLC)990316077
|z (OCoLC)1066594820
|
| 050 |
|
4 |
|a QB465
|b .C43 2017eb
|
| 070 |
|
|
|a QB465
|b .C43 2017
|
| 072 |
|
7 |
|a NAT
|x 033000
|2 bisacsh
|
| 082 |
0 |
4 |
|a 522/.67
|2 23
|
| 049 |
|
|
|a TXAM
|
| 100 |
1 |
|
|a Chance, Kelly V.,
|e author.
|1 https://id.oclc.org/worldcat/entity/E39PCjGJdFvdFtpbHxwVB7qcGd
|
| 245 |
1 |
0 |
|a Spectroscopy and radiative transfer of planetary atmospheres /
|c Kelly Chance (Smithsonian Astrophysical Observatory, Harvard-Smithsonian Center for Astrophysics, USA), Randall V. Martin (Dalhousie University, Canada, Smithsonian Astrophysical Observatory, Harvard-Smithsonian Center for Astrophysics, USA).
|
| 264 |
|
1 |
|a Oxford, United Kingdom ;
|a New York, NY :
|b Oxford University Press,
|c 2017.
|
| 264 |
|
4 |
|c ©2017
|
| 300 |
|
|
|a 1 online resource (xii, 145 pages) :
|b illustrations
|
| 336 |
|
|
|a text
|b txt
|2 rdacontent
|
| 337 |
|
|
|a computer
|b c
|2 rdamedia
|
| 338 |
|
|
|a online resource
|b cr
|2 rdacarrier
|
| 504 |
|
|
|a Includes bibliographical references and index.
|
| 520 |
8 |
|
|a Spectroscopy and radiative transfer are rapidly growing fields within atmospheric and planetary science with implications on various fields. Remote sensing and modeling atmospheric composition require detailed knowledge of how radiation and matter interact in planetary atmospheres. This book provides this fundamental knowledge to a depth that will leave a student with the background to become capable of performing quantitative research on atmospheres. The book is intended for graduate students or for advanced undergraduates. It spans across principles through applications, with sufficient background for students without prior experience in either spectroscopy or radiative transfer. Courses based on this book are intended to be accompanied by the development of increasing sophisticated atmospheric and spectroscopic modeling capability (ideally, the student develops a computer model for simulation of atmospheric spectra from microwave through ultraviolet).
|
| 588 |
0 |
|
|a Print version record.
|
| 505 |
0 |
|
|a Cover; Acknowledgements; Contents; 1 Basic Solar and Planetary Properties; 1.1 Solar Properties; 1.1.1 Solar Structure; 1.1.2 The Solar Cycle, Variability; 1.1.3 Reference Solar Irradiance; 1.1.4 Limb Darkening and Brightening; 1.2 Properties of Earth and its Atmosphere; 1.2.1 Earth's Orbit and the Seasons; 1.2.2 Hydrostatic Equilibrium; 1.2.3 Albedo and Spectral Reflectance; 1.2.4 Basic Structure and Variability of Earth's Atmosphere; 1.2.5 Adiabatic Lapse Rate; 1.2.6 Composition of Earth's Atmosphere; 1.3 Other Atmospheres in the Solar System; 1.4 Extrasolar Planets.
|
| 505 |
8 |
|
|a 3.3.1 Relation of Intensity with Wavelength and Temperature (Planck's Law)3.3.2 Radiation Constants; 3.3.3 The Rayleigh-Jeans Limit; 3.3.4 Antenna Temperature, Noise Temperature, System Temperature; 3.3.5 Emissivity, Reflectivity, Kirchoff's Law; 3.3.6 Relation between Flux Density and Temperature (Stefan-Boltzmann Constant); 3.3.7 Relation between Maximum Intensity and Temperature (Wien's Law); References and Further Reading; Problems; 4 Radiative Transfer; 4.1 Definitions; 4.2 The Basic Equation of Radiative Transfer; Further Reading; Problems; 5 Spectroscopy Fundamentals.
|
| 505 |
8 |
|
|a 5.1 Einstein A and B Coefficients5.2 Rotational Spectroscopy; 5.2.1 Diatomic Molecules; 5.2.2 Polyatomic Molecules; 5.3 Vibrational Spectroscopy; 5.3.1 Diatomic Molecules; 5.3.2 Polyatomic Molecules; 5.4 Nuclear Spin; 5.5 Electronic Spectroscopy; 5.5.1 Electronic Orbital Angular Momentum, Electronic Spin Angular Momentum; 5.5.2 Electronic Transitions; References; Problems; 6 Line Shapes; 6.1 Gaussian Line Shape, Doppler Broadening; 6.2 Lorentzian Line Shape (Lifetime/Collisional Broadening); 6.2.1 Lifetime Broadening; 6.2.2 Collisional (Pressure) Broadening; 6.3 The Voigt Function.
|
| 505 |
8 |
|
|a 6.4 The HITRAN Molecular Spectroscopic DatabaseReferences; Problems; 7 Atmospheric Scattering; 7.1 Scattering Regime; 7.2 Polarization in Scattering; 7.2.1 The Stokes Vector and the Polarization Ellipse; 7.2.2 The Mueller Matrix; 7.3 Rayleigh Scattering; 7.3.1 Depolarization: The Inelastic Raman Scattering Component; 7.4 Mie Scattering; 7.5 Additional Scattering Considerations; 7.5.1 Non-spherical Particles; 7.5.2 The Ångstrom Exponent; 7.5.3 Expansion in Legendre Polynomials; References; Problems; 8 Radiation and Climate; 8.1 Simple One-layer Model; 8.2 Gray Atmosphere Models.
|
| 650 |
|
0 |
|a Atmospheric physics.
|
| 650 |
|
0 |
|a Atmospheric radiation.
|
| 650 |
|
0 |
|a Astronomical spectroscopy.
|
| 650 |
|
6 |
|a Physique de l'atmosphère.
|
| 650 |
|
6 |
|a Rayonnement atmosphérique.
|
| 650 |
|
6 |
|a Spectroscopie astronomique.
|
| 650 |
|
7 |
|a NATURE
|x Sky Observation.
|2 bisacsh
|
| 650 |
|
7 |
|a Astronomical spectroscopy
|2 fast
|
| 650 |
|
7 |
|a Atmospheric physics
|2 fast
|
| 650 |
|
7 |
|a Atmospheric radiation
|2 fast
|
| 655 |
|
7 |
|a Electronic books.
|2 local
|
| 700 |
1 |
|
|a Martin, Randall V.,
|e author.
|1 https://id.oclc.org/worldcat/entity/E39PCjJTCR93Rpc9G86tjDfdYq
|
| 758 |
|
|
|i has work:
|a Spectroscopy and radiative transfer of planetary atmospheres (Text)
|1 https://id.oclc.org/worldcat/entity/E39PCFrHPfHGBMJG88JbHYXtDq
|4 https://id.oclc.org/worldcat/ontology/hasWork
|
| 776 |
0 |
8 |
|i Print version:
|a Chance, Kelly V.
|t Spectroscopy and radiative transfer of planetary atmospheres.
|d Oxford, United Kingdom ; New York, NY : Oxford University Press, 2017
|z 019966210X
|w (OCoLC)962253617
|
| 856 |
4 |
0 |
|u http://proxy.library.tamu.edu/login?url=https://academic.oup.com/book/27207
|z Connect to the full text of this electronic book
|t 0
|
| 955 |
|
|
|a Oxford Scholarship Online
|
| 994 |
|
|
|a 92
|b TXA
|
| 999 |
f |
f |
|i 4b41692a-0d48-4f51-930a-b907f3eec07b
|s d72e35b1-cfe2-453d-94d0-b834eba0ce0f
|t 0
|
| 952 |
f |
f |
|a Texas A&M University
|b College Station
|c Electronic Resources
|s www_evans
|d Available Online
|t 0
|e QB465 .C43 2017eb
|h Library of Congress classification
|
| 998 |
f |
f |
|a QB465 .C43 2017eb
|t 0
|l Available Online
|